| 000 | 00388nam a22001217a 4500 | ||
|---|---|---|---|
| 999 |
_c13807 _d13807 |
||
| 020 | _a9781492073055 | ||
| 082 | _a006.31 | ||
| 100 | _aHariom Tatsat, Sahil Puri & Brad Lookbaugh | ||
| 245 | _aMachine Learning & Data Science Blueprints for Finance : From Building Trading Strategies to Robo-Advisors Using Python | ||
| 260 |
_aUSA _bO'Reilly _c2021 |
||
| 300 | _axv, 409 pages | ||
| 942 | _cBK | ||